| 000 | 00456nam a22001457a 4500 | ||
|---|---|---|---|
| 008 | 230419b |||||||| |||| 00| 0 eng d | ||
| 040 |
_aNational Science Library _cNational Science Library |
||
| 080 |
_a339.5 _bN4 |
||
| 100 |
_aJain, Rajiv _96821 |
||
| 245 |
_aGuide on foreign collaboration : _bPolicies & procedures |
||
| 260 |
_aNew Delhi: _bIndia Investment Publication, _c1994 |
||
| 300 | _axlviii, 753p. | ||
| 650 | _aEconomics | ||
| 942 |
_2udc _cBK |
||
| 999 |
_c20844 _d20844 |
||